Guess the random soccer/football player 2 - Statistics

General Stats
  • This quiz has been taken 34 times
  • The average score is 10 of 16
Answer Stats
Picture Answer % Correct
Federico Dimarco
79%
Ferran Torres
79%
Christian Benteke
72%
Dani Parejo
72%
Kieran Tierney
72%
Steven Bergwijn
72%
Alejandro Grimaldo
66%
Blaise Matuidi
66%
Aaron Mooy
62%
Dominik Livakovic
59%
Gianluca Scamacca
59%
Gleison Bremer
55%
David Raum
48%
James Tarkowski
48%
Ezri Konsa
45%
Kenny Tete
41%
No matching quizzes found
Score Distribution
Percent of People with Each Score
Percentile by Number Answered
Your Score History
You have not taken this quiz